Teploobmen v turbomašinach

Salvato in:
Dettagli Bibliografici
Autori principali: Zysina-Moložen, Larisa Michajlovna (Autore), Zysin, Leonid Vladimirovič (Autore), Poľak, Maja Pavlovič (Autore)
Natura: Libro
Lingua:russo
Pubblicazione: Leningrad : Mašinostrojenije, 1974
Soggetti:
Tags: Aggiungi Tag
Nessun Tag, puoi essere il primo ad aggiungerne!!

MARC

LEADER 00000nam a22000003a 4500
001 stu85058
005 20150617225631.7
008 040322s1974----xxr-----------------rus-d
040 |a STU  |b slo 
041 0 |a rus 
044 |a xxr 
080 |a 62-135  |7 stu_us_auth*stu3298 
080 |a 536.24 
100 1 |a Zysina-Moložen, Larisa Michajlovna  |4 aut 
245 1 |a Teploobmen v turbomašinach 
260 |a Leningrad :  |b Mašinostrojenije,  |c 1974 
300 |a 334 s 
650 7 |a prestup tepla  |2 stusub 
650 7 |a turbostroje  |2 stusub 
700 1 |a Zysin, Leonid Vladimirovič  |4 aut 
700 1 |a Poľak, Maja Pavlovič  |4 aut 
996 |b 284J018422  |c J*43118  |l JJSK  |s A  |a 24  |w stu85058_0001